[Event "Transnational Rapid"]
[Site "Toronto CAN"]
[Date "2023.06.04"]
[Round "9.1"]
[White "Cruz, Cr"]
[Black "Kantans, T."]
[Result "0-1"]
[WhiteElo "2522"]
[BlackElo "2486"]
[PlyCount "78"]
[EventDate "2023.06.03"]
[EventType "swiss (rapid)"]
[EventRounds "11"]
[EventCountry "CAN"]
[Source "Mark Crowther"]
[SourceDate "2023.06.12"]

1. c4 c5 2. g3 Nc6 3. Bg2 g6 4. Nc3 Bg7 5. Nf3 e6 6. d3 Nge7 7. Bg5 h6 8. Bd2
d5 9. O-O O-O 10. a3 a5 11. Rb1 b6 12. Na4 Bd7 13. cxd5 exd5 14. Qb3 Ra6 15.
Rfc1 Re8 16. Qd1 Nf5 17. Nc3 d4 18. Ne4 Qe7 19. b4 axb4 20. axb4 cxb4 21. Rc4
Nd6 22. Nxd6 Qxd6 23. Qc1 b5 24. Rc5 Rxe2 25. Kf1 Re8 26. Bxh6 Bxh6 27. Qxh6
Qxc5 28. Ng5 Nd8 29. Be4 Qe5 30. Qh7+ Kf8 31. Qh4 Ne6 32. Nf3 Qg7 33. Bd5 Rd6
34. Bb3 Bc6 35. Nd2 Nc5 36. Ba2 g5 37. Qg4 Nxd3 38. Qf5 Qg6 39. Qh3 Kg7 0-1

[Event "Transnational Rapid"]
[Site "Toronto CAN"]
[Date "2023.06.04"]
[Round "9.3"]
[White "Neiksans, A."]
[Black "Lenderman, A."]
[Result "1/2-1/2"]
[WhiteElo "2605"]
[BlackElo "2566"]
[PlyCount "37"]
[EventDate "2023.06.03"]
[EventType "swiss (rapid)"]
[EventRounds "11"]
[EventCountry "CAN"]
[Source "Mark Crowther"]
[SourceDate "2023.06.12"]

1. e4 e5 2. Nf3 Nf6 3. Nc3 Nc6 4. d4 exd4 5. Nxd4 Bb4 6. Nxc6 bxc6 7. Bd3 O-O
8. O-O d5 9. exd5 Bg4 10. f3 Bh5 11. dxc6 Qd4+ 12. Kh1 Bxc3 13. bxc3 Qxc3 14.
Bg5 Qxc6 15. Qe2 Rfe8 16. Qf2 Bg6 17. Rad1 Bxd3 18. Rxd3 h6 19. Bxf6 1/2-1/2

[Event "Transnational Rapid"]
[Site "Toronto CAN"]
[Date "2023.06.04"]
[Round "9.4"]
[White "Bruzon Batista, L."]
[Black "Matviishen, Viktor"]
[Result "1-0"]
[WhiteElo "2617"]
[BlackElo "2538"]
[PlyCount "118"]
[EventDate "2023.06.03"]
[EventType "swiss (rapid)"]
[EventRounds "11"]
[EventCountry "CAN"]
[Source "Mark Crowther"]
[SourceDate "2023.06.12"]

1. Nf3 d5 2. g3 g6 3. Bg2 Bg7 4. d4 Nf6 5. O-O O-O 6. c4 dxc4 7. Na3 c5 8. dxc5
c3 9. Nb5 Na6 10. Nxc3 Nxc5 11. Be3 Nfe4 12. Nxe4 Nxe4 13. Bd4 Bf5 14. Bxg7
Qxd1 15. Rfxd1 Kxg7 16. Nd4 Nd6 17. Nxf5+ gxf5 18. Rac1 Rac8 19. Kf1 Kf6 20. e3
a5 21. Ke1 Rfd8 22. Bf1 b5 23. Bd3 b4 24. Ba6 Rxc1 25. Rxc1 Ra8 26. Rc6 Ke6 27.
Bd3 Kd7 28. Rc5 e6 29. Kd2 Nb7 30. Rc4 h6 31. Rh4 Rh8 32. e4 fxe4 33. Bxe4 Nd6
34. Bd3 f5 35. h3 e5 36. g4 fxg4 37. hxg4 Rf8 38. Ke3 Rf6 39. f3 Kc6 40. Rh1
Kd5 41. b3 Re6 42. Rc1 Re7 43. Rh1 Rc7 44. Rxh6 Rc3 45. Kd2 e4 46. Rh5+ Kd4 47.
Bxe4 Nxe4+ 48. fxe4 a4 49. Rb5 Rd3+ 50. Kc2 Rc3+ 51. Kb1 a3 52. Rxb4+ Ke3 53.
Rc4 Rd3 54. b4 Rd2 55. Rc3+ Kxe4 56. Rxa3 Kd4 57. Rb3 Rg2 58. b5 Rxg4 59. Rb4+
Kd5 1-0

[Event "Transnational Rapid"]
[Site "Toronto CAN"]
[Date "2023.06.04"]
[Round "9.7"]
[White "Ortiz Suarez, I."]
[Black "Sai, KG."]
[Result "0-1"]
[WhiteElo "2503"]
[BlackElo "2376"]
[PlyCount "124"]
[EventDate "2023.06.03"]
[EventType "swiss (rapid)"]
[EventRounds "11"]
[EventCountry "CAN"]
[Source "Mark Crowther"]
[SourceDate "2023.06.12"]

1. e4 e5 2. Nf3 Nc6 3. Bc4 Nf6 4. d3 h6 5. O-O g6 6. d4 Qe7 7. Nc3 d6 8. Nd5
Qd8 9. dxe5 dxe5 10. Qe2 Bd6 11. c3 g5 12. b4 Bg4 13. Ne3 Bd7 14. Nd2 Ne7 15.
Re1 Ng6 16. Nf5 Nf4 17. Qf1 Bxf5 18. exf5 Qd7 19. g3 N4h5 20. Qg2 O-O-O 21. Be2
g4 22. Nc4 Qxf5 23. Be3 Kb8 24. Rad1 Ng7 25. Bd3 e4 26. Bc2 Ne6 27. Rd2 Be5 28.
Nxe5 Qxe5 29. Rde2 Qxc3 30. Bxe4 Nxe4 31. Qxe4 h5 32. b5 Qd3 33. Qe5 Qd5 34.
Qb2 h4 35. gxh4 Qf3 36. Rd2 Rxd2 37. Qxd2 Rxh4 38. Bg5 Rh8 39. Qb2 Qh3 40. Be3
Qxh2+ 41. Kf1 Rd8 42. Qf6 Qh1+ 43. Ke2 Qd5 44. Kf1 Qxb5+ 45. Kg1 Qd7 46. Rc1 b6
47. Qe5 Qd5 48. Qg3 Rh8 49. Qg2 Qxg2+ 50. Kxg2 f5 51. Re1 Re8 52. Rh1 f4 53.
Bc1 Kc8 54. Rh7 Rg8 55. Re7 Rg6 56. a4 a6 57. Rf7 b5 58. axb5 axb5 59. Rf5 c5
60. Kf1 g3 61. fxg3 fxg3 62. Kg2 Kc7 0-1

[Event "Transnational Rapid"]
[Site "Toronto CAN"]
[Date "2023.06.04"]
[Round "9.8"]
[White "Szabo, G ROM."]
[Black "Bosiocic, Mari"]
[Result "1/2-1/2"]
[WhiteElo "2504"]
[BlackElo "2543"]
[PlyCount "148"]
[EventDate "2023.06.03"]
[EventType "swiss (rapid)"]
[EventRounds "11"]
[EventCountry "CAN"]
[Source "Mark Crowther"]
[SourceDate "2023.06.12"]

1. e4 e5 2. Nf3 d6 3. d4 exd4 4. Nxd4 Nf6 5. Nc3 Be7 6. Bf4 O-O 7. Qd2 Nc6 8.
O-O-O Nxd4 9. Qxd4 Be6 10. f3 a6 11. g4 b5 12. Qd2 Nd7 13. Nd5 Bxd5 14. Qxd5
Bh4 15. g5 Ne5 16. Rg1 Qe7 17. Be2 Bf2 18. Rg2 Bc5 19. h4 c6 20. Qd2 d5 21.
exd5 Ng6 22. Kb1 Rad8 23. d6 Qe6 24. Bd3 Nxf4 25. Qxf4 Rxd6 26. h5 Rd4 27. Qd2
Rfd8 28. g6 fxg6 29. hxg6 h6 30. Re2 Qd5 31. Qe3 Bf8 32. Qe6+ Qxe6 33. Rxe6 c5
34. Kc1 c4 35. Be2 Rxd1+ 36. Bxd1 Bd6 37. Re4 Kf8 38. c3 Bg3 39. b3 cxb3 40.
Bxb3 h5 41. Kc2 h4 42. Be6 Ke7 43. Bg4+ Kf6 44. Re6+ Kg5 45. Rxa6 Be5 46. Rb6
Kf4 47. Rxb5 Rh8 48. Bh3 Bf6 49. a4 Kg3 50. Be6 h3 51. Bxh3 Kxh3 52. Kb3 Kg3
53. a5 Ra8 54. c4 Kxf3 55. c5 Ke4 56. c6 Rc8 57. Rc5 Bd4 58. Rc1 Rc7 59. Kb4
Be3 60. Rc4+ Kf5 61. Kb5 Kxg6 62. Re4 Ba7 63. Re6+ Kf7 64. Re5 Kf6 65. Re8 g5
66. Rf8+ Ke5 67. Rg8 Kf4 68. Rd8 Be3 69. Rd7 Rc8 70. c7 Kf3 71. Kc6 g4 72. Rd8
Rxc7+ 73. Kxc7 g3 74. Rg8 g2 1/2-1/2

[Event "Transnational Rapid"]
[Site "Toronto CAN"]
[Date "2023.06.04"]
[Round "10.1"]
[White "Liang, Awonder"]
[Black "Cruz, Cr"]
[Result "1-0"]
[WhiteElo "2651"]
[BlackElo "2522"]
[PlyCount "68"]
[EventDate "2023.06.03"]
[EventType "swiss (rapid)"]
[EventRounds "11"]
[EventCountry "CAN"]
[Source "Mark Crowther"]
[SourceDate "2023.06.12"]

1. h4 c5 2. c4 b6 3. Nc3 Bb7 4. Nf3 Nf6 5. e3 e6 6. d4 cxd4 7. exd4 Bb4 8. Qb3
Nc6 9. a3 Bxc3+ 10. Qxc3 d5 11. c5 Ne4 12. Qb3 O-O 13. Bg5 f6 14. Be3 Rf7 15.
Qd1 a5 16. Bb5 a4 17. O-O bxc5 18. dxc5 Qa5 19. Bxc6 Bxc6 20. Nd4 Bd7 21. c6
Bc8 22. Rc1 e5 23. b4 Qb6 24. f3 Ng3 25. Nf5 d4 26. Bxd4 exd4 27. Nxg3 Ba6 28.
Re1 Rc8 29. Nf5 d3+ 30. Kh1 Qf2 31. Rf1 Qb6 32. Nd6 Qd4 33. Nxc8 d2 34. Rc2
Bxf1 1-0

[Event "Transnational Rapid"]
[Site "Toronto CAN"]
[Date "2023.06.04"]
[Round "10.3"]
[White "Lenderman, A."]
[Black "Bruzon Batista, L."]
[Result "1/2-1/2"]
[WhiteElo "2566"]
[BlackElo "2617"]
[PlyCount "111"]
[EventDate "2023.06.03"]
[EventType "swiss (rapid)"]
[EventRounds "11"]
[EventCountry "CAN"]
[Source "Mark Crowther"]
[SourceDate "2023.06.12"]

1. Nf3 Nf6 2. c4 c5 3. Nc3 Nc6 4. g3 d5 5. d4 e6 6. cxd5 exd5 7. Bg2 cxd4 8.
Nxd4 Bc5 9. Nxc6 bxc6 10. O-O O-O 11. Qc2 Bb6 12. Na4 Re8 13. Nxb6 Qxb6 14. Bg5
Ba6 15. Rfe1 Ng4 16. e3 Ne5 17. Red1 Ng6 18. Rac1 h6 19. Bf4 Nxf4 20. gxf4 Re6
21. f5 Rf6 22. e4 dxe4 23. Bxe4 Re8 24. Kh1 c5 25. f3 Bb7 26. Re1 Bxe4 27. fxe4
Qb7 28. Qg2 Rb6 29. b3 Rb4 30. f6 g6 31. e5 Qb6 32. Re3 Rf4 33. Rg3 Kh7 34. Qd5
Re6 35. Qd7 Qc6+ 36. Qxc6 Rxc6 37. Rd1 g5 38. Rc3 Rf5 39. Rd5 Rcxf6 40. Rc2 Re6
41. Rcxc5 Rf2 42. Rc7 Rxa2 43. Rxf7+ Kg6 44. Rf6+ Rxf6 45. exf6 Kxf6 46. Rd6+
Kg7 47. b4 h5 48. b5 h4 49. h3 Ra3 50. Kh2 Rf3 51. b6 axb6 52. Rxb6 Rf6 53. Rb5
Kg6 54. Kg2 Rf5 55. Rb6+ Rf6 56. Rb5 1/2-1/2

[Event "Transnational Rapid"]
[Site "Toronto CAN"]
[Date "2023.06.04"]
[Round "10.5"]
[White "Sai, KG."]
[Black "Bartel, Mat"]
[Result "1/2-1/2"]
[WhiteElo "2376"]
[BlackElo "2609"]
[PlyCount "116"]
[EventDate "2023.06.03"]
[EventType "swiss (rapid)"]
[EventRounds "11"]
[EventCountry "CAN"]
[Source "Mark Crowther"]
[SourceDate "2023.06.12"]

1. e4 e6 2. d4 d5 3. Nc3 Bb4 4. Nge2 dxe4 5. a3 Be7 6. Nxe4 Nf6 7. N2c3 Nc6 8.
Bb5 O-O 9. Bxc6 bxc6 10. O-O Nd5 11. Na4 Nb6 12. Nac5 f5 13. Nc3 e5 14. Nb3 e4
15. f3 Nd5 16. fxe4 Nxc3 17. bxc3 fxe4 18. Rxf8+ Bxf8 19. Qe2 Bf5 20. Bf4 Qd7
21. a4 Re8 22. Rb1 e3 23. Re1 Bd6 24. Bxe3 Qf7 25. Nc5 h6 26. Qf3 Qg6 27. Bf2
Rf8 28. Bg3 Bxc2 29. Qe3 Bxc5 30. dxc5 Bxa4 31. Bxc7 Bb3 32. Ra1 Re8 33. Qg3
Qf5 34. Bf4 Re6 35. Bxh6 Qxc5+ 36. Kh1 Qe5 37. Qxe5 Rxe5 38. Bf4 Re2 39. Kg1
Ba2 40. Kf1 Bc4 41. Kg1 a6 42. Bg3 Ba2 43. Bf2 a5 44. Rd1 a4 45. Rd8+ Kh7 46.
Ra8 Bb3 47. Bd4 Kh6 48. Rh8+ Kg6 49. Ra8 Ra2 50. h4 Bd5 51. Ra7 Rxg2+ 52. Kf1
Rg4 53. Rxa4 Rxh4 54. Ra7 Rh7 55. Kf2 Kh6 56. Kg3 Kg6 57. Rc7 Kf5 58. Rxg7
Rxg7+ 1/2-1/2

[Event "Transnational Rapid"]
[Site "Toronto CAN"]
[Date "2023.06.04"]
[Round "10.7"]
[White "Matviishen, Viktor"]
[Black "Almeida Quintana, O."]
[Result "0-1"]
[WhiteElo "2538"]
[BlackElo "2520"]
[PlyCount "102"]
[EventDate "2023.06.03"]
[EventType "swiss (rapid)"]
[EventRounds "11"]
[EventCountry "CAN"]
[Source "Mark Crowther"]
[SourceDate "2023.06.12"]

1. d4 d6 2. Nf3 Nf6 3. Nc3 g6 4. e4 Bg7 5. h3 c6 6. Be3 O-O 7. Qd2 Qa5 8. Bd3
e5 9. O-O Re8 10. dxe5 dxe5 11. Bc4 Be6 12. Bxe6 Rxe6 13. Qe2 Nbd7 14. a4 Ree8
15. Nd2 Nh5 16. Nc4 Qc7 17. g3 Bf8 18. Rfd1 Nc5 19. Rd2 Rad8 20. a5 Rxd2 21.
Nxd2 b5 22. axb6 axb6 23. Nf3 Nf6 24. Bg5 Nfd7 25. Be3 Nf6 26. Bg5 Nfd7 27. Rd1
b5 28. Nh2 Ne6 29. Be3 Nf6 30. Qf3 Be7 31. Ne2 Ra8 32. c3 Kg7 33. Kg2 h5 34. g4
hxg4 35. Nxg4 Nh5 36. Kh2 Rh8 37. Rg1 Ng5 38. Bxg5 Bxg5 39. Ne3 Bxe3 40. fxe3
Qe7 41. Nc1 Nf6 42. Nd3 Rd8 43. Rd1 c5 44. b4 cxb4 45. cxb4 Qa7 46. Rf1 Rxd3
47. Qxf6+ Kg8 48. Qxe5 Qa2+ 49. Kg1 Rxe3 50. Rd1 Kh7 51. Qd5 Rg3+ 0-1

[Event "Transnational Rapid"]
[Site "Toronto CAN"]
[Date "2023.06.04"]
[Round "11.1"]
[White "Kantans, T."]
[Black "Liang, Awonder"]
[Result "0-1"]
[WhiteElo "2486"]
[BlackElo "2651"]
[PlyCount "146"]
[EventDate "2023.06.03"]
[EventType "swiss (rapid)"]
[EventRounds "11"]
[EventCountry "CAN"]
[Source "Mark Crowther"]
[SourceDate "2023.06.12"]

1. e4 e5 2. Nf3 Nc6 3. d4 exd4 4. Nxd4 Nf6 5. Nc3 Bb4 6. Nxc6 bxc6 7. Qd4 Qe7
8. f3 d5 9. Bg5 c5 10. Bb5+ Kf8 11. Qd3 Bb7 12. O-O-O c6 13. Ba4 h6 14. Bh4 c4
15. Qd2 Rd8 16. exd5 Rxd5 17. Qe2 Bxc3 18. Qxe7+ Kxe7 19. Rxd5 cxd5 20. bxc3
Bc8 21. Kd2 Bd7 22. Re1+ Kd8 23. Rb1 Bc8 24. Rb5 Kc7 25. Bg3+ Kd8 26. Be5 Rg8
27. Bd4 a6 28. Rb6 Nd7 29. Rd6 Kc7 30. Rxd5 f6 31. Bf2 Ne5 32. Rc5+ Kd6 33. f4
Ng4 34. Bd4 Nxh2 35. Rxc4 Bb7 36. Bc5+ Ke6 37. Rd4 Kf5 38. Bd7+ Kg6 39. Bh3
Nf1+ 40. Ke2 Ng3+ 41. Kd3 Re8 42. f5+ Nxf5 43. Rg4+ Kf7 44. Rb4 Bc8 45. Rb6 a5
46. Bd4 h5 47. a4 Nh4 48. Rb5 Ba6 49. Bf2 Ng6 50. c4 Bxb5 51. cxb5 Nf4+ 52. Kc3
g5 53. Bf5 Re2 54. Bd4 Rxg2 55. b6 Nd5+ 56. Kc4 Nxb6+ 57. Bxb6 h4 58. Bxa5 g4
59. Bc7 h3 60. Be4 Re2 61. Kd3 Re1 62. a5 Ra1 63. Ke3 Ke6 64. Kf2 f5 65. Bb7
Kd7 66. Bf4 Rxa5 67. c4 Ra2+ 68. Kg3 Rc2 69. Bd5 Rc3+ 70. Kf2 Rc2+ 71. Kg3 h2
72. Be5 Rxc4 73. Kxh2 Rc5 0-1

[Event "Transnational Rapid"]
[Site "Toronto CAN"]
[Date "2023.06.04"]
[Round "11.4"]
[White "Bruzon Batista, L."]
[Black "Neiksans, A."]
[Result "0-1"]
[WhiteElo "2617"]
[BlackElo "2605"]
[PlyCount "74"]
[EventDate "2023.06.03"]
[EventType "swiss (rapid)"]
[EventRounds "11"]
[EventCountry "CAN"]
[Source "Mark Crowther"]
[SourceDate "2023.06.12"]

1. e4 c5 2. Nf3 e6 3. d4 cxd4 4. Nxd4 a6 5. a3 Qc7 6. c4 Nf6 7. Nc3 b6 8. Be3
Bb7 9. f3 Be7 10. Qd2 O-O 11. O-O-O b5 12. cxb5 d5 13. e5 Nfd7 14. f4 Nb6 15.
Kb1 N8d7 16. h4 Nc5 17. b4 Ncd7 18. Rc1 Nc4 19. Bxc4 dxc4 20. h5 Nb6 21. h6 g6
22. Rhd1 a5 23. Nc2 axb4 24. axb4 Nd5 25. Kb2 Rfd8 26. Nxd5 Rxd5 27. Qc3 Rxb5
28. Ra1 Rb8 29. Ra7 Bf8 30. Kc1 Qc8 31. Ra5 Bxb4 32. Nxb4 Rxa5 33. Nc6 Bxc6 34.
Qxa5 Bd5 35. Rd2 Qb7 36. Rc2 Be4 37. Rc3 Qb1+ 0-1

[Event "Transnational Rapid"]
[Site "Toronto CAN"]
[Date "2023.06.04"]
[Round "11.5"]
[White "Almeida Quintana, O."]
[Black "Meshkovs, Nikita"]
[Result "0-1"]
[WhiteElo "2520"]
[BlackElo "2573"]
[PlyCount "131"]
[EventDate "2023.06.03"]
[EventType "swiss (rapid)"]
[EventRounds "11"]
[EventCountry "CAN"]
[Source "Mark Crowther"]
[SourceDate "2023.06.12"]

1. d4 Nf6 2. Nf3 e6 3. c4 d5 4. Nc3 dxc4 5. Qa4+ Nbd7 6. e4 Be7 7. Bxc4 O-O 8.
Qc2 c5 9. e5 Nd5 10. Nxd5 exd5 11. Bd3 h6 12. O-O cxd4 13. Re1 Qb6 14. Bf5 Nc5
15. Nxd4 Ne6 16. Bxe6 Bxe6 17. Be3 Rac8 18. Qb3 Qa6 19. a4 Rc4 20. Qb5 Bc5 21.
Red1 Qb6 22. Qxb6 axb6 23. b3 Rc3 24. Rab1 Rc8 25. b4 Bxd4 26. Bxd4 Ra3 27.
Bxb6 Rxa4 28. Bc5 Rca8 29. h3 Ra2 30. Be3 R8a3 31. b5 Ra4 32. b6 Kf8 33. Rbc1
Rc4 34. g4 Ke8 35. Kg2 Raa4 36. Kg3 Rab4 37. Bc5 Rb3+ 38. Kg2 h5 39. Rxc4 dxc4
40. f3 c3 41. Rc1 Rb2+ 42. Kg3 hxg4 43. hxg4 c2 44. Kf2 Kd7 45. Ke3 Rb3+ 46.
Ke4 Rc3 47. Bd4 Rc8 48. Kd3 Bb3 49. f4 Ke6 50. Ke4 Bd5+ 51. Kd3 Bf3 52. Kd2 Bd1
53. f5+ Kd5 54. Bb2 Ke4 55. e6 f6 56. e7 Kf4 57. Ra1 Re8 58. Ra4+ Kg3 59. Re4
Bf3 60. Re6 Kxg4 61. Kxc2 Kxf5 62. Re3 Be4+ 63. Kc3 Rxe7 64. Ba3 Re5 65. Rh3
Rb5 66. Rh7 0-1

[Event "Transnational Rapid"]
[Site "Toronto CAN"]
[Date "2023.06.04"]
[Round "11.7"]
[White "Bartel, Mat"]
[Black "Ortiz Suarez, I."]
[Result "1/2-1/2"]
[WhiteElo "2609"]
[BlackElo "2503"]
[PlyCount "103"]
[EventDate "2023.06.03"]
[EventType "swiss (rapid)"]
[EventRounds "11"]
[EventCountry "CAN"]
[Source "Mark Crowther"]
[SourceDate "2023.06.12"]

1. e4 c5 2. Nf3 d6 3. c3 Nf6 4. Bd3 Nc6 5. Bc2 g6 6. d4 cxd4 7. cxd4 Bg7 8. Nc3
Bg4 9. Be3 Nd7 10. Qd2 Bxf3 11. gxf3 Rc8 12. f4 Nb6 13. Bb3 O-O 14. h4 Na5 15.
h5 Nbc4 16. Qe2 e6 17. hxg6 hxg6 18. f5 Nxe3 19. fxe3 Nxb3 20. axb3 exf5 21.
exf5 Re8 22. fxg6 fxg6 23. Qg2 Rxe3+ 24. Kd2 Qf6 25. Qd5+ Qe6 26. Rae1 Rxe1 27.
Rxe1 Bh6+ 28. Kd1 Qxd5 29. Nxd5 Rc1+ 30. Ke2 Rxe1+ 31. Kxe1 Bg7 32. Nf4 Bxd4
33. Nxg6 Kf7 34. Nf4 Bxb2 35. Kd2 Be5 36. Ne2 Ke6 37. Kd3 Kd5 38. Ng1 Kc5 39.
Nf3 Kb4 40. Kc2 b5 41. Ne1 a5 42. Nd3+ Ka3 43. Nf2 Ka2 44. Nd3 Bd4 45. Nc1+ Ka3
46. Nd3 Bf6 47. Nf4 Be5 48. Nd5 Bd4 49. Nc7 Kb4 50. Na6+ Ka3 51. Nc7 Kb4 52.
Na6+ 1/2-1/2

[Event "Transnational Rapid"]
[Site "Toronto CAN"]
[Date "2023.06.04"]
[Round "11.8"]
[White "Posthuma, Joshua"]
[Black "Matviishen, Viktor"]
[Result "0-1"]
[WhiteElo "2457"]
[BlackElo "2538"]
[PlyCount "88"]
[EventDate "2023.06.03"]
[EventType "swiss (rapid)"]
[EventRounds "11"]
[EventCountry "CAN"]
[Source "Mark Crowther"]
[SourceDate "2023.06.12"]

1. d4 d5 2. c4 c6 3. Nf3 Nf6 4. Nbd2 Bf5 5. Nh4 Be4 6. f3 Bg6 7. Qb3 Qc7 8. e4
dxe4 9. Nxg6 hxg6 10. fxe4 e5 11. dxe5 Ng4 12. Nf3 Na6 13. Bd2 O-O-O 14. Be2
Bc5 15. Rf1 Rxd2 16. Kxd2 Rd8+ 17. Kc1 Ne3 18. Rg1 Nb4 19. a3 Nec2 20. axb4
Nxa1 21. Qa4 Bxg1 22. Nxg1 Qxe5 23. Qxa1 Qd4 24. Kc2 Qxe4+ 25. Kb3 Rd2 26. Bf1
Qe3+ 27. Ka2 Qxg1 28. Qe1 Qf2 29. Qc1 Rc2 30. Qb1 Qd2 31. Kb3 Rc1 32. Qd3 Qxd3+
33. Bxd3 Kd7 34. c5 b6 35. cxb6 axb6 36. h3 Kd6 37. Be4 Ke5 38. Bf3 Kd4 39. Ka2
f5 40. b3 Kc3 41. Bxc6 Kxb4 42. Bd5 Rc2+ 43. Kb1 Rd2 44. Bf7 Rxg2 0-1

[Event "Transnational op"]
[Site "Montreal CAN"]
[Date "2023.06.09"]
[Round "1.27"]
[White "Moses, Neil"]
[Black "Lalonde, Olivier"]
[Result "0-1"]
[WhiteElo "1969"]
[BlackElo "2393"]
[PlyCount "84"]
[EventDate "2023.06.09"]
[EventType "swiss"]
[EventRounds "5"]
[EventCountry "CAN"]

1. Nf3 f5 2. d4 Nf6 3. c4 g6 4. Nc3 Bg7 5. e3 d6 6. Bd3 e5 7. dxe5 dxe5 8. Bc2
Qe7 9. Ba4+ c6 10. O-O e4 11. Nd4 O-O 12. Rb1 Na6 13. a3 Nc5 14. Bc2 Rd8 15. b4
Ne6 16. c5 Nxd4 17. exd4 Be6 18. Bb2 Ng4 19. Ne2 Qc7 20. g3 Ne5 21. Bb3 Nf3+
22. Kg2 Qf7 23. Bxe6 Qxe6 24. Nf4 Qf7 25. d5 Bxb2 26. Rxb2 g5 27. Ne2 Rxd5 28.
Qc1 Rad8 29. Ng1 Rd3 30. a4 f4 31. Ne2 Qh5 32. h3 Ne5 33. Ng1 Qg6 34. b5 h5 35.
Rc2 h4 36. Qb2 Qe6 37. g4 e3 38. fxe3 Rxe3 39. Rd2 Rxd2+ 40. Qxd2 Rd3 41. Qe1
Qd5+ 42. Kh2 Qxc5 0-1

[Event "Transnational op"]
[Site "Montreal CAN"]
[Date "2023.06.09"]
[Round "1.29"]
[White "Duval, Mathieu"]
[Black "Guillemette, Hugo"]
[Result "1/2-1/2"]
[WhiteElo "1867"]
[BlackElo "2219"]
[PlyCount "113"]
[EventDate "2023.06.09"]
[EventType "swiss"]
[EventRounds "5"]
[EventCountry "CAN"]

1. d4 Nf6 2. c4 e6 3. Nc3 Bb4 4. e3 O-O 5. Bd3 d5 6. Nge2 c5 7. cxd5 exd5 8.
dxc5 Nc6 9. O-O Bxc5 10. b3 Bg4 11. Bb2 Rc8 12. h3 Be6 13. Nf4 Bd6 14. Nce2 Re8
15. Rc1 Qe7 16. Bb1 Ba3 17. Bxa3 Qxa3 18. Nxe6 fxe6 19. Nf4 Qf8 20. Nh5 Qf7 21.
Nxf6+ Qxf6 22. Qd3 g6 23. Rfd1 Rf8 24. Qe2 Rc7 25. Bd3 Rcf7 26. Rd2 Ne5 27. f4
Nxd3 28. Qxd3 g5 29. Rf2 Qg6 30. Qxg6+ hxg6 31. g3 e5 32. Rc5 gxf4 33. exf4
exf4 34. Rxd5 fxg3 35. Rxf7 Rxf7 36. Kg2 Kg7 37. Kxg3 Kf6 38. Rd2 Re7 39. Kf4
g5+ 40. Kf3 Kg6 41. Kg4 Re4+ 42. Kf3 Rf4+ 43. Kg3 Rb4 44. Rd6+ Kf5 45. Rd5+ Kf6
46. Rd3 b6 47. a3 Re4 48. b4 b5 49. Rd6+ Re6 50. Rd3 a6 51. Rf3+ Kg6 52. h4
gxh4+ 53. Kxh4 Re4+ 54. Kg3 Kg5 55. Rc3 Kf5 56. Kf3 Rf4+ 57. Ke3 1/2-1/2

[Event "Transnational op"]
[Site "Montreal CAN"]
[Date "2023.06.09"]
[Round "1.30"]
[White "Latorre, Vincent"]
[Black "Forget, Luc"]
[Result "1-0"]
[WhiteElo "2212"]
[BlackElo "1856"]
[PlyCount "85"]
[EventDate "2023.06.09"]
[EventType "swiss"]
[EventRounds "5"]
[EventCountry "CAN"]

1. e4 e5 2. Nf3 Nf6 3. Nxe5 d6 4. Nf3 Nxe4 5. Nc3 Nxc3 6. dxc3 Be7 7. Be3 Nc6
8. Qd2 Be6 9. h4 Bf6 10. Ng5 Qe7 11. O-O-O O-O-O 12. Nxe6 fxe6 13. g3 Kb8 14.
Bg2 d5 15. Rhe1 Qf7 16. Kb1 Rhe8 17. f4 g6 18. Bf2 Na5 19. b3 Qf8 20. Bd4 Nc6
21. Bxf6 Qxf6 22. Qe3 a6 23. Qc5 Qf5 24. Bf1 d4 25. cxd4 Nxd4 26. Re5 Qf8 27.
Qxf8 Rxf8 28. Kc1 Rf5 29. Re4 Rfd5 30. Rd3 R5d6 31. g4 Nc6 32. Rxd6 Rxd6 33. c3
Kc8 34. Kc2 Kd8 35. a4 Ne7 36. Bc4 Kd7 37. Re5 Nc6 38. Rg5 Nd8 39. h5 Nf7 40.
hxg6 hxg6 41. Rxg6 Ke7 42. g5 Nd8 43. Rg7+ 1-0

[Event "Transnational op"]
[Site "Montreal CAN"]
[Date "2023.06.09"]
[Round "1.30"]
[White "Morissette, Jean"]
[Black "Saha, Ananda"]
[Result "0-1"]
[WhiteElo "1846"]
[BlackElo "2209"]
[PlyCount "82"]
[EventDate "2023.06.09"]
[EventType "swiss"]
[EventRounds "5"]
[EventCountry "CAN"]

1. d4 e6 2. c4 Bb4+ 3. Bd2 a5 4. g3 Nf6 5. a3 Be7 6. Qc2 d5 7. Bg2 O-O 8. Nf3
c6 9. O-O Nbd7 10. Rd1 Ne4 11. Bf4 f5 12. cxd5 exd5 13. Nc3 Ndf6 14. Ne5 Qe8
15. f3 Nd6 16. Na4 Qh5 17. Nb6 Ra6 18. Nxc8 Rxc8 19. Qd2 b5 20. b3 a4 21. b4
Nc4 22. Nxc4 bxc4 23. Rac1 Rf8 24. Re1 g5 25. Be5 Raa8 26. Rc3 Rae8 27. Qc2 Nd7
28. Qxa4 Qg6 29. e4 Nxe5 30. exf5 Qxf5 31. Rxe5 Qb1+ 32. Bf1 Bf6 33. Qxc6 Bxe5
34. Qxd5+ Kh8 35. dxe5 Qe1 36. Rxc4 Qe3+ 37. Kg2 Rxe5 38. Qd4 Qxf3+ 39. Kh3
Qxf1+ 40. Kg4 Qf5+ 41. Kh5 g4+ 0-1

[Event "Transnational op"]
[Site "Montreal CAN"]
[Date "2023.06.09"]
[Round "1.32"]
[White "Pomerantz, Daniel"]
[Black "Madanchi, Ata"]
[Result "1-0"]
[WhiteElo "2198"]
[BlackElo "1842"]
[PlyCount "75"]
[EventDate "2023.06.09"]
[EventType "swiss"]
[EventRounds "5"]
[EventCountry "CAN"]

1. e4 e5 2. Nf3 Nc6 3. Bb5 a6 4. Ba4 Nf6 5. d3 b5 6. Bb3 Bc5 7. Nc3 d6 8. Nd5
Na5 9. Bg5 Nxb3 10. axb3 c6 11. Nxf6+ gxf6 12. Be3 Bb4+ 13. c3 Ba5 14. b4 Bc7
15. Nh4 h5 16. h3 f5 17. Nxf5 Bxf5 18. exf5 Qf6 19. Qf3 d5 20. h4 Kd7 21. Bg5
Qd6 22. f6 Qe6 23. O-O Bd8 24. Rfe1 Rg8 25. Qxh5 Rg6 26. Qe2 Bc7 27. Qe3 Rag8
28. Rxa6 Qg4 29. Ra7 Rxg5 30. hxg5 Rxg5 31. g3 Qh4 32. Kg2 Qh6 33. Qb6 Ke6 34.
Rxc7 Rh5 35. Qxc6+ Kf5 36. Qxd5 Rh2+ 37. Kg1 Kg4 38. Qe4+ 1-0

[Event "Transnational op"]
[Site "Montreal CAN"]
[Date "2023.06.09"]
[Round "1.33"]
[White "Brassard, Sylvain"]
[Black "Genzling, Jerome"]
[Result "0-1"]
[WhiteElo "1768"]
[BlackElo "2157"]
[PlyCount "68"]
[EventDate "2023.06.09"]
[EventType "swiss"]
[EventRounds "5"]
[EventCountry "CAN"]

1. d4 d5 2. Nf3 e6 3. Bf4 Nf6 4. e3 b6 5. c3 Be7 6. Bd3 Bb7 7. Nbd2 O-O 8. h3
c5 9. O-O Nc6 10. Ne5 Rc8 11. Re1 Nxe5 12. Bxe5 Nd7 13. Bg3 f5 14. Nf3 Bf6 15.
Bb5 Bc6 16. Bxc6 Rxc6 17. Qa4 Qa8 18. Ne5 Nxe5 19. Bxe5 Bxe5 20. dxe5 Qb7 21.
f4 b5 22. Qd1 Ra6 23. a3 Rb6 24. b4 Rc8 25. Re2 Rbc6 26. a4 cxb4 27. cxb4 a6
28. Rea2 Qb6 29. Kf2 Rc4 30. g3 d4 31. axb5 dxe3+ 32. Kg2 Qxb5 33. Rxa6 Qb7+
34. Kf1 Qh1+ 0-1

[Event "Transnational op"]
[Site "Montreal CAN"]
[Date "2023.06.09"]
[Round "1.34"]
[White "Wang, Derek"]
[Black "Byl, Oliver"]
[Result "1/2-1/2"]
[WhiteElo "2114"]
[BlackElo "1720"]
[PlyCount "73"]
[EventDate "2023.06.09"]
[EventType "swiss"]
[EventRounds "5"]
[EventCountry "CAN"]

1. Nf3 d5 2. c4 e6 3. d4 Nf6 4. Nc3 Be7 5. Bg5 h6 6. Bh4 O-O 7. e3 b6 8. Bd3
Nbd7 9. O-O Bb7 10. Qe2 Ne4 11. Bxe7 Qxe7 12. cxd5 exd5 13. Ba6 Nxc3 14. bxc3
Bxa6 15. Qxa6 c5 16. Rfc1 c4 17. a4 Qe6 18. Rcb1 Qe4 19. Qb7 Nf6 20. Ne5 Qc2
21. Rc1 Qb3 22. a5 Qb2 23. Rab1 Qe2 24. axb6 axb6 25. Re1 Qd2 26. Nf3 Qxc3 27.
Qxb6 Ra2 28. Rec1 Qd3 29. Rb2 Rfa8 30. Rxa2 Rxa2 31. Qd8+ Kh7 32. Qc8 Rxf2 33.
Kxf2 Ne4+ 34. Ke1 Qxe3+ 35. Kd1 Qd3+ 36. Ke1 Qe3+ 37. Kd1 1/2-1/2